<?xml version="1.0" encoding="UTF-8"?>
<record
    xmlns:xsi="http://www.w3.org/2001/XMLSchema-instance"
    xsi:schemaLocation="http://www.loc.gov/MARC21/slim http://www.loc.gov/standards/marcxml/schema/MARC21slim.xsd"
    xmlns="http://www.loc.gov/MARC21/slim">

  <leader>02194cam a2200349 a 4500</leader>
  <controlfield tag="003">EG-GiCUC</controlfield>
  <controlfield tag="005">20250223031822.0</controlfield>
  <controlfield tag="008">171009s2016    ua dh  f m    000 0 eng d</controlfield>
  <datafield tag="040" ind1=" " ind2=" ">
    <subfield code="a">EG-GiCUC</subfield>
    <subfield code="b">eng</subfield>
    <subfield code="c">EG-GiCUC</subfield>
  </datafield>
  <datafield tag="041" ind1="0" ind2=" ">
    <subfield code="a">eng</subfield>
  </datafield>
  <datafield tag="049" ind1=" " ind2=" ">
    <subfield code="a">Deposite </subfield>
  </datafield>
  <datafield tag="097" ind1=" " ind2=" ">
    <subfield code="a">M.Sc. </subfield>
  </datafield>
  <datafield tag="099" ind1=" " ind2=" ">
    <subfield code="a">Cai01.11.28.M.Sc.2016.As.E</subfield>
  </datafield>
  <datafield tag="100" ind1="0" ind2=" ">
    <subfield code="a">Ashraf Ahmed Hasan Moussa </subfield>
  </datafield>
  <datafield tag="245" ind1="1" ind2="0">
    <subfield code="a">Efficacy of chest ultrasonography versus chest X Ray in the diagnosis and follow up of respiratory distress syndrome in prematures / </subfield>
    <subfield code="c">Ashraf Ahmed Hasan Moussa ; Supervised Zahraa Mohamed Ezzeldin , Yasmeen Amr Mansi , Asmaa Mahmoud Abdelmagied</subfield>
  </datafield>
  <datafield tag="246" ind1="1" ind2="5">
    <subfield code="a">&#x643;&#x641;&#x627;&#x621;&#x629; &#x627;&#x644;&#x645;&#x648;&#x62C;&#x627;&#x62A; &#x627;&#x644;&#x635;&#x648;&#x62A;&#x64A;&#x629; &#x639;&#x644;&#x64A; &#x627;&#x644;&#x635;&#x62F;&#x631; &#x645;&#x642;&#x627;&#x631;&#x646;&#x629; &#x628;&#x623;&#x634;&#x639;&#x629; &#x623;&#x643;&#x633; &#x641;&#x64A;&#x645;&#x627; &#x64A;&#x62A;&#x639;&#x644;&#x642; &#x628;&#x62A;&#x634;&#x62E;&#x64A;&#x635; &#x648;&#x645;&#x62A;&#x627;&#x628;&#x639;&#x629; &#x62D;&#x627;&#x644;&#x627;&#x62A; &#x635;&#x639;&#x648;&#x628;&#x629; &#x627;&#x644;&#x62A;&#x646;&#x641;&#x633; &#x641;&#x649; &#x627;&#x644;&#x623;&#x637;&#x641;&#x627;&#x644; </subfield>
  </datafield>
  <datafield tag="260" ind1=" " ind2=" ">
    <subfield code="a">Cairo : </subfield>
    <subfield code="b">Ashraf Ahmed Hasan Moussa , </subfield>
    <subfield code="c">2016</subfield>
  </datafield>
  <datafield tag="300" ind1=" " ind2=" ">
    <subfield code="a">147 P. : </subfield>
    <subfield code="b">charts, facsimiles ; </subfield>
    <subfield code="c">25cm</subfield>
  </datafield>
  <datafield tag="502" ind1=" " ind2=" ">
    <subfield code="a">Thesis (M.Sc.) - Cairo University - Faculty of Medicine - Department of Pediatrics </subfield>
  </datafield>
  <datafield tag="520" ind1=" " ind2=" ">
    <subfield code="a">This study was conducted on 68 preterm infants with clinical and radiographic signs of RDS. LUS scans were performed using  transthoracic approach within the first 24 hours of birth, on the fifth day  and whenever complications occurred during the course of the disease . The aim of the study was to evaluate of the diagnostic possibilities of  lung ultrasonography in comparison to chest x- ray in diagnosis and  follow up of prematures with RDS.  Fourty one cases were males (60.3%) and twenty seven cases were females(39.7%). Twenty three were delivered vaginally(33.8%) and  fourty five by cesarean section(66.2%).The mean gestational age for  studied cases was 30.24 weeks and the mean weight was 1.429 kg </subfield>
  </datafield>
  <datafield tag="530" ind1=" " ind2=" ">
    <subfield code="a">Issued also as CD</subfield>
  </datafield>
  <datafield tag="653" ind1=" " ind2="4">
    <subfield code="a">Newborn </subfield>
  </datafield>
  <datafield tag="653" ind1=" " ind2="4">
    <subfield code="a">Respiratory distress </subfield>
  </datafield>
  <datafield tag="653" ind1=" " ind2="4">
    <subfield code="a">Ultrasonography </subfield>
  </datafield>
  <datafield tag="700" ind1="0" ind2=" ">
    <subfield code="a">Asmaa Mahmoud Abdelmagied , </subfield>
    <subfield code="e">Supervisor</subfield>
  </datafield>
  <datafield tag="700" ind1="0" ind2=" ">
    <subfield code="a">Yasmeen Amr Mansi , </subfield>
    <subfield code="e">Supervisor</subfield>
  </datafield>
  <datafield tag="700" ind1="0" ind2=" ">
    <subfield code="a">Zahraa Mohamed Ezzeldin , </subfield>
    <subfield code="e">Supervisor</subfield>
  </datafield>
  <datafield tag="856" ind1=" " ind2=" ">
    <subfield code="u">http://172.23.153.220/th.pdf</subfield>
  </datafield>
  <datafield tag="905" ind1=" " ind2=" ">
    <subfield code="a">Nazla</subfield>
    <subfield code="e">Revisor</subfield>
  </datafield>
  <datafield tag="905" ind1=" " ind2=" ">
    <subfield code="a">Shimaa</subfield>
    <subfield code="e">Cataloger</subfield>
  </datafield>
  <datafield tag="942" ind1=" " ind2=" ">
    <subfield code="2">ddc</subfield>
    <subfield code="c">TH</subfield>
  </datafield>
  <datafield tag="999" ind1=" " ind2=" ">
    <subfield code="c">62837</subfield>
    <subfield code="d">62837</subfield>
  </datafield>
  <datafield tag="952" ind1=" " ind2=" ">
    <subfield code="2">ddc</subfield>
    <subfield code="7">0</subfield>
    <subfield code="a">CUCL</subfield>
    <subfield code="b">cl210</subfield>
    <subfield code="d">2024-02-11</subfield>
    <subfield code="o">Cai01.11.28.M.Sc.2016.As.E</subfield>
    <subfield code="p">01010110072975000</subfield>
    <subfield code="r">2023-09-22 00:00:00</subfield>
    <subfield code="y">TH</subfield>
  </datafield>
  <datafield tag="952" ind1=" " ind2=" ">
    <subfield code="2">ddc</subfield>
    <subfield code="7">0</subfield>
    <subfield code="a">CUCL</subfield>
    <subfield code="b">cl2u8</subfield>
    <subfield code="d">2024-02-11</subfield>
    <subfield code="o">Cai01.11.28.M.Sc.2016.As.E</subfield>
    <subfield code="p">01020110072975000</subfield>
    <subfield code="r">2023-09-22 00:00:00</subfield>
    <subfield code="t">72975.CD     </subfield>
    <subfield code="y">CD</subfield>
  </datafield>
</record>
